| 000 | 00310nam a22001097a 4500 | ||
|---|---|---|---|
| 082 | _aCP47 | ||
| 100 |
_aMuhammad Nasir Abrar _950919 |
||
| 245 |
_aNumerical Method Maths-352 _bCourse Pack _cMuhammad Nasir Abrar |
||
| 260 |
_aRisalpur, _bMCE _c2015. |
||
| 526 |
_a0 _b1 _c0 _dCP_000000000000000_47 |
||
| 942 |
_2ddc _cBKB |
||
| 999 |
_c553674 _d553674 |
||